| 000 | 00489nam a2200181Ia 4500 | ||
|---|---|---|---|
| 003 | GCL | ||
| 008 | 140319s9999 xx 000 0 ara d | ||
| 040 |
_aGCL / _cGCL |
||
| 082 | 0 | 4 |
_a610.3 _bM M |
| 100 | 1 | _aBISHAY, MILAD GH | |
| 245 | 1 | 0 |
_aBISHAY'S NEW ILLUSTRATED MEDICAL AND PHARAMCEUTICAL DICTIONAY / _cBISHAY, MILAD GH |
| 300 |
_a24 CM ؛ _c860 P |
||
| 650 | 0 | 4 | _aMEDICINE |
| 650 | 0 | 4 | _aPHARMACY |
| 650 | 0 | 4 | _aMEDICAL DICTIOANRY |
| 650 | 0 | 4 | _aPHARMACY - DICTIONARY |
| 942 |
_2ddc _cBK |
||
| 999 |
_c5777 _d5777 |
||